Zváranie ľahkých kovov laserom

Na minha lista:
Detalhes bibliográficos
Autor principal: Jakab, Adam (Author)
Outros Autores: Kovačócy, Pavel (Thesis advisor)
Formato: Manuscrito Livro
Idioma:eslovaco
Publicado em: 2015
Assuntos:
Acesso em linha:http://is.stuba.sk/zp/portal_zp.pl?podrobnosti=96270
Tags: Adicionar Tag
Sem tags, seja o primeiro a adicionar uma tag!

MARC

LEADER 00000ntm a22000003a 4500
001 stuzp50724
003 SK-STU
005 20160719153638.3
007 ta
008 150427s2015----xo-----f-mn---000-0-slo-d
040 |a STU  |b slo 
041 0 |a slo 
100 1 |a Jakab, Adam  |u 063000  |4 aut  |U MTF Materiálovotechnologická fakulta  |T MTF Ústav výrobných technológií  |X 46909  |U M3000  |Y 83  |7 46909 
242 0 1 |a Laser beam welding of light metals  |y eng 
245 1 0 |a Zváranie ľahkých kovov laserom 
260 |c 2015 
650 4 |a zváranie laserovým lúčom  |2 slo 
650 4 |a ľahké kovy  |2 slo 
650 4 |a hliník  |2 slo 
650 4 |a horčík  |2 slo 
650 4 |a aluminum  |2 eng 
650 4 |a magnesium  |2 eng 
650 4 |a laser beam welding  |2 eng 
650 4 |a light metals  |2 eng 
700 1 |a Kovačócy, Pavel  |4 ths  |X 4171  |7 A000004171 
856 4 |u http://is.stuba.sk/zp/portal_zp.pl?podrobnosti=96270 
996 |c M* BP-7051  |l MMSKP  |s P  |a 0  |w stuzp50724_0001 
SQL |a stuzp50724  |b DBP  |c SLO  |d Zváranie ľahkých kovov laserom  |e 46909  |f Jakab, Adam  |g 063000  |h 4171  |i Kovačócy, Pavel  |j 20150622  |k 178  |l 06  |m http://is.stuba.sk/zp/portal_zp.pl?podrobnosti=96270  |n B-VTE  |o 5.2.51. výrobné technológie